000 00866nam a2200229Ia 4500
999 _c34697
_d34697
001 483
003 GE_BSU
005 20200124143128.0
008 181216s2002||||ge |||||||||||||| ||geo||
020 _a9992802758
040 _cGE_BSU
041 _ageo
080 _a616.12(075.8) ტ-54
100 _aტვილდიანი, დ.
_96357
245 _aკარდიოლოგია :
_bსახელმძღვანელო სამედიცინო ინ-ტის სტუდენტებისათვის /
_cდ. ტვილდიანი.
264 _aთბილისი :
_bკეგელი,
_c2002.
300 _a699 გვ.:
_bსურ. ;
_c24 სმ.
504 _aბიბლიოგრ.: გვ. 680-683.
653 _aკარდიოლოგია
653 _aმედიცინა
942 _cBK
_2udc